| 000 | 01473nam a2200325 i 4500 | ||
|---|---|---|---|
| 003 | EG-GICUC | ||
| 005 | 20260121101231.0 | ||
| 008 | 251116s2019 ly ||||fr|||| 00| 0 ara d | ||
| 020 | _a9789959303004 | ||
| 040 |
_a EG-GICUC _bara _c EG-GICUC _d EG-GICUC _erda |
||
| 041 | 0 | _hara | |
| 082 | 0 | 4 |
_221 _a345.0612 _bخ ل . ق |
| 092 | 0 | 4 | _221 |
| 099 | _aLaw1 07 345.2 ع ص . ح 2008 | ||
| 100 | 0 |
_aخليفة صالح احواس _eمؤلف. |
|
| 245 | 1 | 2 |
_aالقانون الإداري الليبي الحديث / _cا.د خليفة صالح حواس. |
| 264 | 1 |
_aليبيا : _bمكتبة طرابلس العلمية العالمية ، _c2019. |
|
| 300 |
_a262 صفحة ؛ _c24 سم. |
||
| 336 |
_2rda content _atext |
||
| 337 |
_2rda media _aComputer |
||
| 338 |
_2rda carrier _aOnline Resource |
||
| 500 | _aمتضمناً اهم احكام قوانين الإدارة المحلية رقم 59 لسنة 2012، قانون علاقات العمل رقم 12 لسنة 2010، لأئحة العقود الإدارية رقم 563 لسنة 2007، لأئحة تنظيم التعليم العالي رقم 501 لسنة 2010. | ||
| 504 | _aيشتمل على إرجاعات ببليوجرافية | ||
| 504 | _aببليوجرافيا صفحات : (260-262). | ||
| 546 | _aالنص باللغة العربية | ||
| 650 | 1 | _aالقانون الإداري | |
| 856 | 4 | 0 | _uhttps://fll.law.cu.edu.eg/fulltext/bks/B07-00786.pdf |
| 905 | _a33 | ||
| 942 |
_2ddc _cBK _e21 _n0 |
||
| 999 |
_c43724 _d43724 |
||